Practical aviation security : predicting and preventing future threats (Record no. 78323)

MARC details
000 -LEADER
fixed length control field 00843nam a22002657a 4500
003 - CONTROL NUMBER IDENTIFIER
control field CBULib
005 - DATE AND TIME OF LATEST TRANSACTION
control field 20250612090028.0
008 - FIXED-LENGTH DATA ELEMENTS--GENERAL INFORMATION
fixed length control field 230512b |||||||| |||| 00| 0 eng d
020 ## - INTERNATIONAL STANDARD BOOK NUMBER
International Standard Book Number 9780128042939
040 ## - CATALOGING SOURCE
Original cataloging agency CBULib
Transcribing agency CBULib
Language of cataloging English
Description conventions rda
041 ## - LANGUAGE CODE
Language code of text/sound track or separate title eng
050 ## - LIBRARY OF CONGRESS CALL NUMBER
Classification number TL 725.3 Pri
100 ## - MAIN ENTRY--PERSONAL NAME
Personal name Price, Jeffrey C.
245 ## - TITLE STATEMENT
Title Practical aviation security : predicting and preventing future threats
Statement of responsibility, etc / by Jeffrey C. Price
250 ## - EDITION STATEMENT
Edition statement Third edition
260 ## - PUBLICATION, DISTRIBUTION, ETC. (IMPRINT)
Place of publication, distribution, etc Oxford :
Name of publisher, distributor, etc Elsevier,
Date of publication, distribution, etc 2016
300 ## - PHYSICAL DESCRIPTION
Extent xxviii, 570 pages : illustrations
336 ## - CONTENT TYPE
Source rdacontent
Content type term Text |
Content type code txt
337 ## - MEDIA TYPE
Source rdamedia
Media type term Unmediated |
Media type code n
338 ## - CARRIER TYPE
Source rdacarrier
Carrier type term Volume
Carrier type code nc
650 ## - SUBJECT ADDED ENTRY--TOPICAL TERM
Source of heading or term Library of Congress
Topical term or geographic name as entry element AERONAUTICS--SECURITY MEASURES
650 #0 - SUBJECT ADDED ENTRY--TOPICAL TERM
Topical term or geographic name as entry element SECURITY MEASURES
9 (RLIN) 3551
700 ## - ADDED ENTRY--PERSONAL NAME
Personal name Forrest, Jeffrey S.
9 (RLIN) 3955
942 ## - ADDED ENTRY ELEMENTS (KOHA)
Koha item type MONOGRAPH
Source of classification or shelving scheme
Holdings
Withdrawn status Lost status Source of classification or shelving scheme Damaged status Not for loan Collection code Permanent Location Current Location Shelving location Date acquired Source of acquisition Cost, normal purchase price Full call number Barcode Date last seen Copy number Price effective from Koha item type Total Checkouts
          CBU-Lusaka Campus CBU- LUSAKA CAMPUS CBU- LUSAKA CAMPUS General Stacks 11/01/2024 DON-BOOKAID 102.00 TL 725.3 Pri 753071 11/01/2024   11/01/2024 MONOGRAPH  
          CBU-Lusaka Campus CBU- LUSAKA CAMPUS CBU- LUSAKA CAMPUS General Stacks 11/01/2024 DON-BOOKAID 102.00 TL 725.3 Pri 753072 11/01/2024   11/01/2024 MONOGRAPH  
          Mpika Library Collection CBU-MPIKA LIBRARY, MPIKA CAMPUS. CBU-MAIN LIBRARY, KITWE. General Stacks 05/12/2023 DON-BOOKAID 102.00 TL 725.3 Pri 752003 05/12/2023 1 05/12/2023 MONOGRAPH  
          Main Library Open Access Collection CBU-MAIN LIBRARY, KITWE. CBU-MAIN LIBRARY, KITWE. General Stacks 02/24/2025 BOOK AID INTERNATIONAL 102.00 TL 725.3 Pri 753464 02/24/2025   02/24/2025 MONOGRAPH  
          Main Library Open Access Collection CBU-MAIN LIBRARY, KITWE. CBU-MAIN LIBRARY, KITWE. General Stacks 02/24/2025 BOOK AID INTERNATIONAL 102.00 TL 725.3 Pri 753463 02/24/2025   02/24/2025 MONOGRAPH